00972nam a2200253 a 4500001001000000003000500010005001700015008004100032010001100073011001100084040000900095100003100104245012300135260004100258500006000299502007500359650003200434650002300466650004800489650005900537650003600596856001600632856007000648000111745CHAP20220329144227.0150723s2015 mx a fsm |||||||spa d a108206 a109178 cCHAP1 aClavería Rojas, Berenice10aCaracterización de recursos naturales en Zacualpan, Estado de Méxicoh[En línea]cpor Berenice Clavería Rojas. aChapingo, Méx. :bEl autor,c2015. aPara ver el contenido del material haga clic en la liga aTesis (Ing. Agr. Esp. en Zootecnia) -- UACH. Departamento de Zootecnia14aBotánicaxMéxico (Edo.)14aImpacto ambiental.14aMinas y recursos mineralesxMéxico (Edo.)14aRecursos naturalesxAdministraciónzMéxico (Edo.).14aVida silvestrexMéxico (Edo.) a1 n0001638 aFinding aiduhttp://10.13.5.2/tesis/sist111745.pdfzTeclea aquí